تاريخ الحركة الاستقلالية فى ايطاليا / (رقم التسجيلة. 97594)

تفاصيل مارك
000 -LEADER
fixed length control field 010370am a2200253 004500
003 - CONTROL NUMBER IDENTIFIER
control field EG-GiCUC
008 - FIXED-LENGTH DATA ELEMENTS--GENERAL INFORMATION
fixed length control field 070625s1922 ua g 000 0 ara d
040 ## - CATALOGING SOURCE
Original cataloging agency EG-GiCUC
Language of cataloging ara
Transcribing agency EG-GiCUC
043 ## - GEOGRAPHIC AREA CODE
Geographic area code e-it---
050 #4 - LIBRARY OF CONGRESS CALL NUMBER
Classification number DG550.5.
Item number S2 1922
092 04 - LOCALLY ASSIGNED DEWEY CALL NUMBER (OCLC)
Classification number 945.08
Item number S118
Edition number 21
099 ## - LOCAL FREE-TEXT CALL NUMBER (OCLC)
Classification number 04
-- 945.08 S118
100 1# - MAIN ENTRY--PERSONAL NAME
Personal name صبرى : محمد :
Dates associated with a name 1894-1978
245 10 - TITLE STATEMENT
Title تاريخ الحركة الاستقلالية فى ايطاليا /
Statement of responsibility, etc. محمد صبرى ؛ مقدمة بقلم خليل مطران
246 30 - VARYING FORM OF TITLE
Title proper/short title الحركة الاستقلالية فى ايطاليا
260 ## - PUBLICATION, DISTRIBUTION, ETC.
Place of publication, distribution, etc. القاهرة :
Name of publisher, distributor, etc. المكتبة التجارية :
Date of publication, distribution, etc. 1922
300 ## - PHYSICAL DESCRIPTION
Extent 87ص ؛
Dimensions 24سم
500 ## - GENERAL NOTE
General note محاضرة تاريخية القاها المؤلف فى الجامعة المصرية
651 #7 - SUBJECT ADDED ENTRY--GEOGRAPHIC NAME
Geographic name ايطاليا
General subdivision تاريخ
Chronological subdivision نمو القومية (1796-1870م)
Form subdivision خطب و مقالات و محاضرات
Source of heading or term qrmak
700 1# - ADDED ENTRY--PERSONAL NAME
Personal name مطران : خليل :
Dates associated with a name 1872-1949
902 ## - LOCAL DATA ELEMENT B, LDB (RLIN)
No. of Items 1
905 ## - LOCAL DATA ELEMENT E, LDE (RLIN)
Cataloger جيهان
Reviser مدخل
942 ## - ADDED ENTRY ELEMENTS (KOHA)
Source of classification or shelving scheme Dewey Decimal Classification
Koha item type Books
المقتنيات
Source of classification or shelving scheme Not for loan Home library Current library Date acquired Full call number Barcode Date last seen Copy number Koha item type
Dewey Decimal Classification   المكتبة المركزبة الجديدة - جامعة القاهرة قاعة الانسانيات - الدور الثاني 11.02.2024 945.08 S118 01000100114667000 23.09.2023 C.1 Books
Cairo University Libraries Portal Implemented & Customized by: Eng. M. Mohamady Contacts: new-lib@cl.cu.edu.eg | cnul@cl.cu.edu.eg
CUCL logo CNUL logo
© All rights reserved — Cairo University Libraries
CUCL logo
Implemented & Customized by: Eng. M. Mohamady Contact: new-lib@cl.cu.edu.eg © All rights reserved — New Central Library
CNUL logo
Implemented & Customized by: Eng. M. Mohamady Contact: cnul@cl.cu.edu.eg © All rights reserved — Cairo National University Library